|
|
|
|
| LEADER |
00000naa2a2200000 4500 |
| 001 |
148533 |
| 005 |
20251204110734.0 |
| 035 |
|
|
|a (RuTPU)RU\TPU\book\161036
|
| 090 |
|
|
|a 148533
|
| 100 |
|
|
|a 20081203d2008 k y0rusy50 ca
|
| 101 |
0 |
|
|a rus
|
| 102 |
|
|
|a RU
|
| 200 |
1 |
|
|a Аппаратно-программный комплекс для виброконтроля и диагностики механического состояния деталей машин
|f Д. П. Упадышев, В. Ю. Саблуков
|g науч. рук. Ю. С. Боровиков
|
| 320 |
|
|
|a Библиогр.: 4 назв.
|
| 461 |
|
1 |
|0 (RuTPU)RU\TPU\book\156858
|t Современные техника и технологии
|o 14 Международная научно-практическая конференция студентов, аспирантов и молодых ученых, г. Томск, 24-28 марта 2008 г.
|o труды
|o в 3 т.
|f Томский политехнический университет (ТПУ)
|d 2008
|
| 463 |
|
1 |
|0 (RuTPU)RU\TPU\book\155176
|t Т. 1
|v С. 200-201
|d 2008
|
| 610 |
1 |
|
|a виброконтроль
|
| 610 |
1 |
|
|a вибрация
|
| 610 |
1 |
|
|a контроль
|
| 610 |
1 |
|
|a диагностика
|
| 610 |
1 |
|
|a механические состояния
|
| 610 |
1 |
|
|a магнитные метки
|
| 610 |
1 |
|
|a длина
|
| 610 |
1 |
|
|a измерения
|
| 610 |
1 |
|
|a канаты
|
| 610 |
1 |
|
|a стальные канаты
|
| 610 |
1 |
|
|a труды учёных ТПУ
|
| 700 |
|
1 |
|a Упадышев
|b Д. П.
|
| 701 |
|
1 |
|a Саблуков
|b В. Ю.
|
| 702 |
|
1 |
|a Боровиков
|b Ю. С.
|c специалист в области электроэнергетики
|c проректор-директор Энергетического института Томского политехнического университета, кандидат технических наук
|f 1978-
|g Юрий Сергеевич
|4 727
|
| 801 |
|
1 |
|a RU
|b 63413507
|c 20081203
|g PSBO
|
| 801 |
|
2 |
|a RU
|b 63413507
|c 20140314
|g RCR
|
| 942 |
|
|
|c BK
|